Library Banner

Pakistan marches on road to prosperity (Record no. 84078)

MARC details
000 -LEADER
fixed length control field 00385nam a22001457a 4500
005 - DATE AND TIME OF LATEST TRANSACTION
control field 20160303142817.0
008 - FIXED-LENGTH DATA ELEMENTS--GENERAL INFORMATION
fixed length control field 160303b xxu||||| |||| 00| 0 eng d
040 ## - CATALOGING SOURCE
Transcribing agency PK-LaUMT
082 ## - DEWEY DECIMAL CLASSIFICATION NUMBER
Classification number MMC 954.91
Item number ANW-P
100 ## - MAIN ENTRY--PERSONAL NAME
Personal name Anwar Iqbal
245 ## - TITLE STATEMENT
Title Pakistan marches on road to prosperity
Remainder of title 1959-64
Statement of responsibility, etc Anwar Iqbal
260 ## - PUBLICATION, DISTRIBUTION, ETC. (IMPRINT)
Place of publication, distribution, etc Lahore
Name of publisher, distributor, etc Ferozsons
Date of publication, distribution, etc 1936
300 ## - PHYSICAL DESCRIPTION
Extent 156 p.
942 ## - ADDED ENTRY ELEMENTS (KOHA)
Koha item type Books
Holdings
Withdrawn status Lost status Damaged status Home library Current library Date acquired Full call number Barcode Date last seen Price effective from Koha item type
      UMT Main Campus UMT Main Campus 2016-03-03 MMC 954.91 ANW-P 95947 2016-03-03 2016-03-03 Books